00653 2200241 4500001002100000005001700021008004100038035002400079082001200103090001900115100002400134245007300158250001100231260003000242300002400272500002600296650003000322850001300352980001300365985000600378986001200384999001500396YOGYA-0209000001914520090227022940.0 ind  0010-020900000019145 a621.384 a621.384bYur T aYURY, Rm. Francis D aTeknik Merakit dan Service radio remote ControlcRm. Francis D. Yury aCet. 2 aPekalonganbBahagiac1995 a88 hlmbilusc21 cm aBibliografi : hlm. 88 aRadio Kontrol - Perakitan aYOPDYOGB a07-03-06 a1 aPKL-ATM a96P0082323